| 000 | 00522nam a2200157 4500 | ||
|---|---|---|---|
| 999 |
_c12583 _d12583 |
||
| 008 | 240226b ||||| |||| 00| 0 eng d | ||
| 040 | _aBMS College of Architecture | ||
| 100 | _aPavan S | ||
| 245 | _aAsare:Rehab center for the mobility impaired, Bengaluru. | ||
| 300 | _a99p. | ||
| 500 | _a1CF19AT063 | ||
| 502 |
_8B,Arch _NBMS College of Architecture, Visvesvaraya Technological University (VTU) _aProject report _d2023 |
||
| 700 |
_aSeema Thippeswamy _eGuide |
||
| 710 |
_a Sandhya Sharad _aGuide |
||
| 942 |
_2ddc _cTHE |
||